Accounting and financial reporting in japan

में बचाया:
ग्रंथसूची विवरण
मुख्य लेखक: Campbell, Leslie G.
स्वरूप: पुस्तक
भाषा:Undetermined
प्रकाशित: New York Lafferty Publications Ltd 1985
विषय:
टैग : टैग जोड़ें
कोई टैग नहीं, इस रिकॉर्ड को टैग करने वाले पहले व्यक्ति बनें!
Thư viện lưu trữ: Trung tâm Học liệu Trường Đại học Cần Thơ
LEADER 00517nam a2200181Ia 4500
001 CTU_86444
008 210402s9999 xx 000 0 und d
082 |a 658.15932 
082 |b C193 
100 |a Campbell, Leslie G. 
245 0 |a Accounting and financial reporting in japan 
245 0 |c Leslie G. Campbell 
260 |a New York 
260 |b Lafferty Publications Ltd 
260 |c 1985 
650 |a Child welfare,Public welfare 
904 |i Năm 
980 |a Trung tâm Học liệu Trường Đại học Cần Thơ